Bêṅka-vyavasāyācī mūlatattve āṇi Bhāratātīla bênkā. (Record no. 69391)

MARC details
000 -LEADER
fixed length control field 00612cam a22002291 4500
001 - CONTROL NUMBER
control field sa 66004408
003 - CONTROL NUMBER IDENTIFIER
control field DLC
005 - DATE AND TIME OF LATEST TRANSACTION
control field 20260227112242.0
008 - FIXED-LENGTH DATA ELEMENTS--GENERAL INFORMATION
fixed length control field 890110s1966 xx 000 0 marr
010 ## - LIBRARY OF CONGRESS CONTROL NUMBER
LC control number sa 66004408
035 ## - SYSTEM CONTROL NUMBER
System control number (OCoLC)23555469
040 ## - CATALOGING SOURCE
Original cataloging agency DLC
Transcribing agency MiU
Modifying agency DLC
042 ## - AUTHENTICATION CODE
Authentication code premarc
043 ## - GEOGRAPHIC AREA CODE
Geographic area code a-ii---
050 00 - LIBRARY OF CONGRESS CALL NUMBER
Classification number HG3284
Item number .G6
100 1# - MAIN ENTRY--PERSONAL NAME
Personal name Gokhale, Ramchandra Mahadeo,
Dates associated with a name 1917-
245 10 - TITLE STATEMENT
Title Bêṅka-vyavasāyācī mūlatattve āṇi Bhāratātīla bênkā.
260 ## - PUBLICATION, DISTRIBUTION, ETC.
Place of publication, distribution, etc. [n.p.
Date of publication, distribution, etc. 1966]
300 ## - PHYSICAL DESCRIPTION
Extent 7, 316 p.
Dimensions 22 cm.
500 ## - GENERAL NOTE
General note Romanized.
650 #0 - SUBJECT ADDED ENTRY--TOPICAL TERM
Topical term or geographic name entry element Banks and banking
Geographic subdivision India.

No items available.

Powered by Koha